00810nam a2200205 a 450000100100000000500170001000800410002704000250006808200180009310000250011124500720013626000510020830000280025965000310028765000350031891000370035304900090039095201880039999900170058700003504520200930074052.0111024s1952 xxua 000 f eng d aDO-SdBNPbspacBNPHU a813.52bW855L1 aWolfe, Thomas96068210aLook homeward Ánge :ba story of the buried life /cThomas Wolfe. aNew York :bCharles Scribner´s Sons,c[1952]. a662 p. :bil. ;c22 cm. 4aNovela estadounidense9262 4aLiteratura estadounidense9263 aValidado. Control de calidad MFF aBNPD 001050718MOaGRbGRcHDd2011-10-24iLF1l0o813.52 W855Lp35045-10r2020-06-25w2020-06-25y1zPerteneció a la biblioteca personal de Juan Isidro Jimenes GrullónZNo se presta c34536d34536